Táplálhatatlanság, tág pupillák, légzési elégtelenség egy ok okozatai? /
Elmentve itt :
| Szerzők: | |
|---|---|
| Dokumentumtípus: | Könyv része |
| Megjelent: |
2008
|
| Sorozat: | Tiszaparti esték
9 Tiszaparti esték : gyermekgyógyászati továbbképző előadások 2007-2008 9 |
| Kulcsszavak: | Gyermekgyógyászat |
| Tárgyszavak: | |
| Online Access: | http://acta.bibl.u-szeged.hu/18935 |
| LEADER | 00953naa a2200265 i 4500 | ||
|---|---|---|---|
| 001 | acta18935 | ||
| 005 | 20220321095438.0 | ||
| 008 | 161015s2008 hu o 0|| hun d | ||
| 022 | |a 1588-3515 | ||
| 040 | |a SZTE Egyetemi Kiadványok Repozitórium |b hun | ||
| 041 | |a hun | ||
| 100 | 1 | |a Tálosi Gyula | |
| 245 | 1 | 0 | |a Táplálhatatlanság, tág pupillák, légzési elégtelenség |h [elektronikus dokumentum] : |b egy ok okozatai? / |c Tálosi Gyula |
| 260 | |c 2008 | ||
| 300 | |a 94-105 | ||
| 490 | 0 | |a Tiszaparti esték |v 9 | |
| 490 | 0 | |a Tiszaparti esték : gyermekgyógyászati továbbképző előadások 2007-2008 |v 9 | |
| 650 | 4 | |a Orvos- és egészségtudomány | |
| 650 | 4 | |a Klinikai orvostan | |
| 695 | |a Gyermekgyógyászat | ||
| 700 | 0 | 1 | |a Tiszlavicz László |e aut |
| 700 | 0 | 1 | |a Rácz Katalin |e aut |
| 700 | 0 | 1 | |a Reiger Zsolt |e aut |
| 700 | 0 | 1 | |a Kóbor Jenő |e aut |
| 856 | 4 | 0 | |u http://acta.bibl.u-szeged.hu/18935/1/tiszaparti_2007_094-105.pdf |z Dokumentum-elérés |